|
|
|
|
| LEADER |
01087nam a2200253 a 4500 |
| 001 |
19700 |
| 003 |
BD-DhAAL |
| 008 |
100103r20031987ii 00 eng d |
| 999 |
|
|
|c 6606
|d 6606
|
| 020 |
|
|
|a 0074624008
|
| 020 |
|
|
|a 0074518992
|
| 040 |
|
|
|a EUN
|c EUN
|d EQF
|d BD-DhAAL
|
| 082 |
0 |
0 |
|a 621.381044
|2 22
|
| 100 |
1 |
|
|a Sen, P. C.
|q (Paresh Chandra)
|9 40539
|
| 245 |
0 |
0 |
|a Power electronics /
|c P.C. Sen.
|
| 260 |
|
|
|a New Delhi :
|b Tata McGraw-Hill ;
|c 1987.[reprinted 2003]
|
| 300 |
|
|
|a xv, 1031 pages :
|b illustrations ;
|c 24 cm.
|
| 500 |
|
|
|a 21th reprint 2003.
|
| 541 |
1 |
|
|e 00019700
|
| 650 |
|
0 |
|a Power electronics.
|9 40540
|
| 852 |
4 |
|
|a Ayesha Abed Library
|j General Stacks
|
| 942 |
|
|
|2 ddc
|c BK
|
| 952 |
|
|
|0 0
|1 0
|2 ddc
|4 0
|6 621_381044000000000_SEN_2003
|7 0
|9 6750
|a BRACUL
|b BRACUL
|c GEN
|d 2010-01-02
|e Trust Line International
|l 4
|m 27
|o 621.381044 SEN
|p 3010019700
|r 2020-02-04
|s 2019-08-24
|t 1
|w 2010-01-03
|y BK
|
| 952 |
|
|
|0 0
|1 0
|2 ddc
|4 0
|6 621_381044000000000_SEN_2003
|7 0
|9 6751
|a BRACUL
|b BRACUL
|c GEN
|d 2010-01-02
|e Trust Line International
|l 7
|m 65
|o 621.381044 SEN
|p 3010019701
|r 2025-09-21
|s 2025-06-29
|t 2
|w 2010-01-03
|y BK
|